Misspelled Places- Sudden Death - Statistics

General Stats
  • This quiz has been taken 68 times
  • The average score is 3 of 6
Answers on the Grid
Answers color-coded by a green-red scale on the quiz's grid according to % correct below.
Equitorial Guinea
Phillippines
Kygryzstan
Thaliand
Antacrtica
Massechusetts
Conneticut
Deleware
Misissippi
Bosnia and Hezgovrina
Morroco
Mohave Desert
Great Britan
Austraila
Azerbajan
New Orlaens
Afghinastan
Bagdhad
Tenessee
Nambia
Saskatchuwan
Carribean
Philidelphia
Luxembuorg
Himilayan Mountains
Sicilly
New Dehli
Sierra Leone
Saint Kitts and Nevis
Nunavut
Liechtenstein
Appalachian Mountains
Rio de Janeiro
 
Answer Stats
Answer % Correct
Sierra Leone
75%
Saint Kitts and Nevis
63%
Rio de Janeiro
56%
Liechtenstein
50%
Appalachian Mountains
44%
Nunavut
38%
No matching quizzes found
Score Distribution
Percent of People with Each Score
Percentile by Number Answered
Your Score History
You have not taken this quiz